000 00700nas a2200241 4500
001 BR2014001156
003 BR-BrBNA
005 20231205123735.0
007 ta
008 230509b bl.|||p| |||| 00| 00por d
040 _aBR-BrBNA
_bpor
_cBiblioteca Nacional de Agricultura
041 _a(Pt)
072 _aP40; K10
100 1 _aRodrigues, V.A.
245 1 _aRedistribuição da precipitação em seringueira
650 _aHEVEA SP
650 _aPRECIPITAÇÃO PLUVIAL
650 _aESCOAMENTO
650 _aHIDROLOGIA
773 0 _tIrriga (Brazil)
_xISSN 1808-3765
_g(Oct-Dec 2008), v. 13(4) p. 566-575
_wBR2014001156
909 _a202311
_bLúcia
_c55
_dLúcia Elande
942 _2AGRIS
_n0
_cANA
999 _c235462
_d235462